000 00400cam a22001337a 4500
008 180718b1973 xxu||||| |||| 00| 0 eng d
082 _aT000 M522
100 _aMende, Tinor
245 _aFrom aid to re-colonization: lessons of a failure
_cby Tinor Mende
260 _aNew York
_bPantheon Books
_c1973
300 _a317p.
650 _aInternational economic relations
650 _aEconomic assistance
999 _c350621
_d350621